[Event "Randburg Superhero"]
[Site "Randburg"]
[Date "2022.01.06"]
[Round "6"]
[White "Du Plessis, Heinco"]
[Black "February, Jesse Nikki"]
[Result "1/2-1/2"]
[WhiteElo "2003"]
[BlackElo "1845"]
[PlyCount "26"]
[EventDate "2022.01.04"]
[EventType "tourn"]
[EventRounds "7"]
[EventCountry "RSA"]
[SourceTitle "EXT 2023"]
[Source "ChessBase"]
[SourceDate "2022.10.05"]
[SourceVersion "1"]
[SourceVersionDate "2022.10.05"]
[SourceQuality "1"]

1. d4 d5 2. Bf4 c5 3. e3 Nc6 4. Nf3 Nf6 5. c3 cxd4 6. cxd4 Qb6 7. Nc3 Qxb2 8. Nb5 e5 9. a3 exf4 10. Rb1 Qa2 11. Ra1 Qb2 12. Rb1 Qa2 13. Ra1 Qb2 1/2-1/2

[Event "Pretoria Capablanca IM"]
[Site "Pretoria"]
[Date "2018.04.30"]
[Round "8"]
[White "Paiva, Donaldo"]
[Black "Du Plessis, Heinco"]
[Result "1-0"]
[WhiteElo "2210"]
[BlackElo "1997"]
[PlyCount "81"]
[EventDate "2018.04.27"]
[EventType "tourn"]
[EventRounds "9"]
[EventCountry "RSA"]
[SourceTitle "CBM 184 Extra"]
[Source "ChessBase"]
[SourceDate "2018.06.28"]
[SourceVersion "1"]
[SourceVersionDate "2018.06.28"]
[SourceQuality "1"]

1. Nf3 d5 2. d4 Nf6 3. c4 c6 4. Nc3 dxc4 5. a4 Bf5 6. Ne5 Nbd7 7. Nxc4 Qc7 8. g3 e5 9. dxe5 Nxe5 10. Bf4 Nfd7 11. Bg2 g5 12. Ne3 gxf4 13. Nxf5 Ng6 14. 0-0 0-0-0 15. Qc2 Kb8 16. b4 Bxb4 17. Rab1 a5 18. Na2 Bc5 19. Rb3 h5 20. Rfb1 fxg3 21. hxg3 h4 22. Rxb7+ Qxb7 23. Bxc6 Qxb1+ 24. Qxb1+ Nb6 25. gxh4 Nxh4 26. Ne3 Rd6 27. Qb5 Rg8+ 28. Kf1 Rg5 29. Be4 Re5 30. Nc3 Bd4 31. Qa6 Rd7 32. Nb5 Rxe4 33. Nxd4 Rexd4 34. Qxb6+ Kc8 35. f3 Ng6 36. Qxa5 Nf4 37. Qc5+ Kb8 38. a5 Ne6 39. Qb5+ Rb7 40. Qe5+ Ka7 41. Nf5 1-0

[Event "RSA Inter Regional-ch"]
[Site "Boksburg"]
[Date "2018.01.10"]
[Round "3.4"]
[White "Oberholzer, Francois"]
[Black "Du Plessis, Heinco"]
[Result "1-0"]
[WhiteElo "2045"]
[BlackElo "1994"]
[PlyCount "57"]
[EventDate "2018.01.09"]
[EventType "team-swiss"]
[EventRounds "7"]
[EventCountry "RSA"]
[SourceTitle "CBM 189 Extra"]
[Source "ChessBase"]
[SourceDate "2019.06.03"]
[SourceVersion "1"]
[SourceVersionDate "2019.06.03"]
[SourceQuality "1"]
[WhiteTeam "JHB Metro Lions"]
[BlackTeam "Tshwane"]
[WhiteTeamCountry "RSA"]
[BlackTeamCountry "RSA"]

1. e4 c6 2. d4 d5 3. Nc3 dxe4 4. Nxe4 Nf6 5. Nxf6+ gxf6 6. c3 Bf5 7. Nf3 e6 8. g3 Qb6 9. Qe2 Nd7 10. Bg2 Be7 11. Bh6 0-0-0 12. 0-0 Bg4 13. Rfe1 Rhg8 14. a4 f5 15. Qc2 Bxf3 16. Bxf3 Bg5 17. a5 Qc7 18. Bxg5 Rxg5 19. a6 b6 20. Qa4 Nb8 21. Re5 Rdg8 22. Rae1 h5 23. d5 Nd7 24. R5e2 Nc5 25. Qd4 cxd5 26. c4 Nb3 27. Qc3 dxc4 28. Rc2 b5 29. Re5 1-0

[Event "South African op"]
[Site "Durban"]
[Date "2017.07.14"]
[Round "1"]
[White "Millard, Chad"]
[Black "Du Plessis, Heinco"]
[Result "1/2-1/2"]
[WhiteElo "1377"]
[BlackElo "2003"]
[PlyCount "143"]
[EventDate "2017.07.14"]
[EventType "swiss"]
[EventRounds "11"]
[EventCountry "RSA"]
[SourceTitle "EXT 2018"]
[Source "ChessBase"]
[SourceDate "2017.10.13"]
[SourceVersion "1"]
[SourceVersionDate "2017.10.13"]
[SourceQuality "1"]

1. d4 Nf6 2. c4 c5 3. d5 b5 4. Nf3 g6 5. Nbd2 Qa5 6. Qc2 bxc4 7. e4 Bg7 8. Bxc4 d6 9. 0-0 Nbd7 10. Re1 Ng4 11. Nb3 Qb6 12. Bd2 0-0 13. Rad1 Ba6 14. Ba5 Qb7 15. Nfd2 Nge5 16. Bc3 Bxc4 17. Nxc4 Nxc4 18. Bxg7 Kxg7 19. Qxc4 Rfb8 20. Qc3+ f6 21. Rd2 Qb4 22. Na5 Kf7 23. Qxb4 Rxb4 24. Nc6 Rb6 25. f4 e5 26. dxe6+ Kxe6 27. f5+ Kf7 28. Rxd6 Nf8 29. fxg6+ Kg7 30. gxh7 Re8 31. b3 Re6 32. Rxe6 Nxe6 33. Nxa7 Ra6 34. e5 f5 35. Nb5 Rxa2 36. Nd6 f4 37. Rc1 Kxh7 38. Ne4 Nd4 39. Nc3 Rb2 40. Re1 f3 41. Ne4 fxg2 42. Ng5+ Kg6 43. h4 Kh5 44. Re3 Kxh4 45. e6 Nf5 46. Re5 Ne7 47. Ne4 Rxb3 48. Nxc5 Rb2 49. Nd3 Rd2 50. Nf2 Ng6 51. e7 Nxe7 52. Rxe7 Ra2 53. Kxg2 Rb2 54. Kf3 Kg5 55. Re5+ Kg6 56. Ra5 Rb8 57. Ne4 Rb1 58. Rg5+ Kf7 59. Kf4 Rb4 60. Ra5 Ke6 61. Re5+ Kd7 62. Kf5 Rb1 63. Ra5 Rh1 64. Ra6 Kc7 65. Rg6 Rf1+ 66. Ke5 Re1 67. Kd5 Rd1+ 68. Kc4 Rc1+ 69. Nc3 Kd7 70. Kd4 Rh1 71. Kd5 Rh5+ 72. Kd4 1/2-1/2

[Event "Johannesburg PSS Capablanca-A"]
[Site "Johannesburg"]
[Date "2017.04.30"]
[Round "7"]
[White "Du Plessis, Heinco"]
[Black "Nene, Themba"]
[Result "1-0"]
[WhiteElo "1984"]
[BlackElo "1944"]
[PlyCount "117"]
[EventDate "2017.04.26"]
[EventType "tourn"]
[EventRounds "9"]
[EventCountry "RSA"]
[SourceTitle "CBM 178 Extra"]
[Source "ChessBase"]
[SourceDate "2017.06.22"]
[SourceVersion "1"]
[SourceVersionDate "2017.06.22"]
[SourceQuality "1"]

1. e4 c5 2. Nf3 g6 3. d4 cxd4 4. Qxd4 Nf6 5. Nc3 Nc6 6. Qa4 d6 7. e5 dxe5 8. Nxe5 Bd7 9. Nxd7 Qxd7 10. Be3 Bg7 11. Bb5 0-0 12. Rd1 Qf5 13. 0-0 Ne5 14. Qf4 Qe6 15. Bd4 Nh5 16. Qe4 Rad8 17. Bxa7 Nc6 18. Qxe6 fxe6 19. Bb6 Ra8 20. Bc4 Nf4 21. Rfe1 Bxc3 22. bxc3 Nd5 23. Bc5 Nxc3 24. Rd7 Nxa2 25. Rxe6 Kg7 26. Rxb7 Nc3 27. g3 Rac8 28. Bxe7 Nxe7 29. Rexe7+ Kf6 30. Bd3 h5 31. Rec7 Nd5 32. Rxc8 Rxc8 33. c4 Ne7 34. Rb6+ Kg7 35. Kf1 Nc6 36. f4 Rd8 37. Bxg6 Na5 38. Bxh5 Nxc4 39. Rc6 Ne3+ 40. Kf2 Nf5 41. Rc2 Rb8 42. Bg4 Nh6 43. Bf3 Nf5 44. Rd2 Rh8 45. h4 Kf6 46. h5 Ng7 47. g4 Ne6 48. Kg3 Rb8 49. Rd6 Ke7 50. Rd5 Rb3 51. g5 Rb4 52. Re5 Kd6 53. Re4 Rb1 54. h6 Rg1+ 55. Kf2 Rb1 56. g6 Rb8 57. f5 Nf8 58. Kg3 Nd7 59. Re6+ 1-0

[Event "Johannesburg Tsogo Sun op"]
[Site "Johannesburg"]
[Date "2015.07.16"]
[Round "3"]
[White "Du Plessis, Heinco"]
[Black "Moseli, Phera"]
[Result "1-0"]
[WhiteElo "2031"]
[BlackElo "1478"]
[PlyCount "75"]
[EventDate "2015.07.15"]
[EventType "swiss"]
[EventRounds "9"]
[EventCountry "RSA"]
[SourceTitle "CBM 167 Extra"]
[Source "ChessBase"]
[SourceDate "2015.09.14"]
[SourceVersion "1"]
[SourceVersionDate "2015.09.14"]
[SourceQuality "1"]

1. e4 d5 2. exd5 Nf6 3. d4 Nxd5 4. c4 Nb6 5. Nc3 e6 6. Be3 Be7 7. Nf3 0-0 8. Bd3 Nc6 9. h4 Nb4 10. Bxh7+ Kh8 11. a3 Nc6 12. Bc2 f5 13. d5 Na5 14. Ng5 Qe8 15. dxe6 Bxg5 16. hxg5+ Kg8 17. Nd5 Bxe6 18. Nxc7 Qf7 19. Nxa8 Rxa8 20. b3 Nc6 21. Qf3 Ne5 22. Qh3 Ng6 23. Bc5 Qe8 24. 0-0-0 Kf7 25. Bxf5 Nf4 26. Bxe6+ Qxe6 27. Qxe6+ Nxe6 28. Bxb6 axb6 29. Rd7+ Kg6 30. Rxb7 Rxa3 31. Kb2 Ra6 32. Rd1 b5 33. Rxb5 Nxg5 34. c5 Ne4 35. Rb6+ Rxb6 36. cxb6 Nc5 37. Rd6+ Kf7 38. b7 1-0

[Event "South African op"]
[Site "Cape Town"]
[Date "2015.07.11"]
[Round "11"]
[White "Du Plessis, Heinco"]
[Black "Chumfwa, Stanley"]
[Result "0-1"]
[WhiteElo "2031"]
[BlackElo "2311"]
[PlyCount "56"]
[EventDate "2015.07.03"]
[EventType "swiss"]
[EventRounds "11"]
[EventCountry "RSA"]
[SourceTitle "CBM 167 Extra"]
[Source "ChessBase"]
[SourceDate "2015.09.14"]
[SourceVersion "1"]
[SourceVersionDate "2015.09.14"]
[SourceQuality "1"]

1. e4 c5 2. Nf3 d6 3. d4 cxd4 4. Nxd4 Nf6 5. Nc3 a6 6. Be3 Ng4 7. Bc1 Nf6 8. Be3 e6 9. f3 b5 10. Qd2 Nbd7 11. g4 Nb6 12. Qf2 Nfd7 13. a3 Bb7 14. 0-0-0 Rc8 15. Nb3 Be7 16. f4 Rxc3 17. bxc3 Bxe4 18. Rg1 0-0 19. Bd3 Bxd3 20. cxd3 Qc7 21. Qc2 d5 22. Kd2 Na4 23. Ra1 Rc8 24. Rgc1 e5 25. f5 e4 26. dxe4 Qxh2+ 27. Ke1 Bh4+ 28. Kf1 Qh1+ 0-1

[Event "Pretoria Waterkloof op"]
[Site "Pretoria"]
[Date "2015.03.07"]
[Round "4"]
[White "Masango, Spencer"]
[Black "Du Plessis, Heinco"]
[Result "0-1"]
[WhiteElo "2136"]
[BlackElo "2014"]
[PlyCount "96"]
[EventDate "2015.03.05"]
[EventType "swiss"]
[EventRounds "6"]
[EventCountry "RSA"]
[SourceTitle "CBM 165 Extra"]
[Source "ChessBase"]
[SourceDate "2015.04.21"]
[SourceVersion "1"]
[SourceVersionDate "2015.04.21"]
[SourceQuality "1"]

1. Nf3 Nf6 2. c4 c6 3. d4 d5 4. Nc3 dxc4 5. a4 Bf5 6. Ne5 Nbd7 7. Nxc4 Qc7 8. g3 e5 9. dxe5 Nxe5 10. Bf4 Nfd7 11. Ne3 Be6 12. Bg2 0-0-0 13. 0-0 f6 14. Qc2 g5 15. Bxe5 Qxe5 16. b4 Bxb4 17. Nb5 Bc5 18. Nxa7+ Bxa7 19. Bxc6 Bxe3 20. Rab1 Bc5 21. Rxb7 Qd6 22. Bh1 Bd5 23. Rd1 Bxh1 24. Rxd6 Bxb7 25. a5 Kb8 26. a6 Bxd6 27. Qb2 Nc5 28. axb7 Be5 29. Qa2 Nxb7 30. e3 Rd1+ 31. Kg2 Rhd8 32. Qf7 R1d7 33. Qh5 Rd2 34. Qxh7 Rb2 35. e4 Rdd2 36. Kf3 Rxf2+ 37. Kg4 Rxh2 38. Qd7 Rhg2 39. Qe8+ Kc7 40. Qe7+ Kb6 41. Qe6+ Ka7 42. Qd7 Rxg3+ 43. Kf5 Rf3+ 44. Ke6 Rb6+ 45. Ke7 Rc3 46. Qa4+ Ra6 47. Qb5 Rc7+ 48. Kf8 Rd6 0-1

[Event "Waterkloof Robbertse Memorial"]
[Site "Waterkloof"]
[Date "2015.01.31"]
[Round "4"]
[White "Masungwini, Michael T"]
[Black "Du Plessis, Heinco"]
[Result "1-0"]
[WhiteElo "1995"]
[BlackElo "2029"]
[PlyCount "81"]
[EventDate "2015.01.29"]
[EventType "swiss"]
[EventRounds "6"]
[EventCountry "RSA"]
[SourceTitle "CBM 164 Extra"]
[Source "ChessBase"]
[SourceDate "2015.03.02"]
[SourceVersion "1"]
[SourceVersionDate "2015.03.02"]
[SourceQuality "1"]

1. d4 d5 2. c4 c6 3. Nc3 dxc4 4. a4 e5 5. e3 exd4 6. exd4 Be6 7. Nf3 Nf6 8. Bg5 Nbd7 9. a5 b5 10. Be2 Bb4 11. 0-0 Bxa5 12. d5 cxd5 13. Nxb5 0-0 14. Nbd4 Bb6 15. b3 cxb3 16. Qxb3 Nc5 17. Qa3 Nce4 18. Bh4 h6 19. Nc6 Qe8 20. Bb5 Bc5 21. Qd3 a6 22. Ba4 g5 23. Bg3 Nxg3 24. hxg3 Ne4 25. Nfe5 f6 26. Nd4 Qc8 27. Nxe6 Qxe6 28. Nd7 Rf7 29. Nxc5 Nxc5 30. Qg6+ Rg7 31. Qxh6 Qf5 32. g4 Qxg4 33. Bc6 Qf5 34. Bxa8 Rh7 35. Bxd5+ Qxd5 36. Qxf6 Ne4 37. Qg6+ Kh8 38. Rxa6 g4 39. Re6 Rh1+ 40. Kxh1 Ng3+ 41. Kg1 1-0